000 004700000a22001810004500
003 MACL
005 20160108162047.0
008 160108b xxu||||| |||| 00| 0 eng d
040 _aMACL
_cMACL
041 _aEnglish
082 _a910/MAN
100 _aManley, Prof Gordon
_930002
245 _aGeography
_bour planet its Peoples and Resources
260 _bMacdonald & co Ltd
_c1961
_aLondon
350 _a50
650 _aGeography
_930003
942 _cBK
_k910/MAN
_2ddc
999 _c35700
_d35700